Loading...

Bovine radiology

Bibliographic Details
Main Authors: John W Pharr, Uri Bargai
Format: Printed Book
Language:Undetermined
Published: IOWA 1989
Subjects:
LEADER 00596nam a2200229Ia 4500
008 141122s9999 xx 000 0 und d
040 |c . 
041 |a English 
082 |a 617.059 
082 |b BAR/BO 
100 |a John W Pharr 
100 |a Uri Bargai 
245 |a Bovine radiology 
245 |c Uri Bargai 
260 |b IOWA  
260 |c 1989 
300 |a 198 Pages 
500 |a General (P) 
650 |a Radiology 
942 |c BK 
999 |c 3833  |d 3833 
952 |0 0  |1 0  |4 0  |6 617_059000000000000_BARBO  |7 0  |9 3793  |a COVAS  |b COVAS  |d 0000-00-00  |o 617.059 BAR/BO  |p 19602  |r 2014-11-26  |w 2014-11-26  |y BK